| 000 | 00441nam a2200121 i 4500 | ||
|---|---|---|---|
| 001 | bg | ||
| 245 | 1 | 0 |
_aTermodinamiceskije svojstva individual'nych veščestv. _nT. 4, _pElementy Cr, Mo, W, V, Nb, Ta, Ti, Zr, Hf, Sc, Y, La, Th, U, Pu, Li, Na, K, Rb, Cs i ich soedinenija. _nKn. 2, _pTablicy termodinamičeskich svojstv. |
| 260 |
_aMoskva, _c1982. |
||
| 040 | _cBPK | ||
| 041 | _apol | ||
| 942 | _cKS | ||
| 008 | s pl f |000 0 pol | ||
| 999 |
_c21870 _d21870 |
||